Statistics for European Flag to Country Click Quiz

Click here to take the quiz!

General Stats

  • This quiz has been taken 774 times
  • The average score is 37 of 45

Answer Stats

HintAnswer% Correct
France
93%
Germany
93%
Greece
93%
Italy
93%
Sweden
93%
United Kingdom
93%
Spain
92%
Switzerland
92%
Ukraine
92%
Ireland
90%
Russia
90%
Albania
88%
Belgium
88%
Finland
88%
Portugal
88%
Czech Republic
86%
Denmark
86%
Norway
86%
Iceland
85%
Poland
85%
Vatican City
85%
Netherlands
84%
North Macedonia
84%
Estonia
83%
Austria
82%
Croatia
82%
Kosovo
82%
Romania
82%
Bosnia and Herzegovina
81%
Hungary
80%
San Marino
79%
Belarus
78%
Luxembourg
78%
Malta
78%
Latvia
76%
Serbia
76%
Lithuania
74%
Bulgaria
73%
Liechtenstein
73%
Montenegro
73%
Slovakia
73%
Slovenia
72%
Andorra
70%
Monaco
69%
Moldova
63%

Score Distribution

Percentile by Number Answered

Percent of People with Each Score

Your Score History

You have not taken this quiz